000 00407 a2200145 4500
005 20250628073217.0
020 _a978-0-13-606745-0
082 _a001.64 STA
100 _aSTALLINGS, W.
245 _aBusiness Data Communications,
250 _a6th Ed.
260 _aNew Jersey,
_bUpper Saddle River,
_c2009.
300 _axvi, 608p,: ill.; figure, table
_bGlossary, Index & Reference
_c24cm
942 _2ddc
_cBKS
999 _c5838
_d5838